| 000 | 00833cam a2200241 4500 | ||
|---|---|---|---|
| 008 | 040422n2003 000 0 eng u | ||
| 020 | _a1860816614 | ||
| 035 | _a(Sirsi) u125918 | ||
| 041 | _aeng | ||
| 100 | _aReynolds, T. N. | ||
| 110 | _aBuilding Research Establishment | ||
| 245 | _aTimber piles and foundations | ||
| 260 |
_aWatford _bBRE _c2003 |
||
| 300 |
_a12p. _c30cm. |
||
| 490 |
_aBRE Digest _v479 |
||
| 520 | _aThis digest gives information on the design and installation of timber piling, its history and background, suitable timber species and preservative treatment. | ||
| 650 | _aPILES | ||
| 650 | _aBUILT ENVIRONMENT-BUILDING ELEMENTS-COMPLETE BUILDING ELEMENTS-FOUNDATIONS | ||
| 650 | _aTIMBER | ||
| 690 | _aBUILT ENVIRONMENT-CONSTRUCTION DESIGN | ||
| 710 |
_aForestry Commission _9804 |
||
| 942 | _n0 | ||
| 999 |
_c103502 _d103502 |
||